LEADER 01027nam--2200361---450- 001 990002716250203316 005 20060303140756.0 010 $a88-02-07169-1 035 $a000271625 035 $aUSA01000271625 035 $a(ALEPH)000271625USA01 035 $a000271625 100 $a20060303h2005----km-y0itay0103----ba 101 0 $aita 102 $aIT 105 $ay|||z|||001yy 200 1 $aAsini calzati e vestiti$elo sfascio della scuola e dell'università dal '68 a oggi$fRoberto Alonge 210 $aTorino$cUTET$dcopyr. 2005 215 $a116 p.$d23 cm 410 0$12001 454 1$12001 461 1$1001-------$12001 606 0 $aScuola$yItalia$z1968-2004 676 $a371.00945 700 1$aALONGE,$bRoberto$0320136 801 0$aIT$bsalbc$gISBD 912 $a990002716250203316 951 $aII.4. 3453 (VI B 1000)$b186957 L.M.$cVI B$d00177245 959 $aBK 969 $aUMA 979 $aANNAMARIA$b90$c20060303$lUSA01$h1407 996 $aAsini calzati e vestiti$9999992 997 $aUNISA LEADER 01008nam0 22002771i 450 001 VAN0030784 005 20110405101046.504 010 $a18-583-6431-0 100 $a20041216d2001 |0itac50 ba 101 $aeng 102 $aGB 105 $a|||| ||||| 200 1 $aStudying the law$ethe law students' handbook$fElizabeth Cassell 210 $aLondon$cOld Bailey$d2001 215 $aix, 289 p.$cill.$d25 cm. 606 $aLingua inglese$xTerminologia giuridica$3VANC005217$2FI 620 $aGB$dLondon$3VANL000015 676 $a340.071141$v21 700 1$aCassell$bElizabeth$3VANV025420$0728451 712 $aOld Bailey$3VANV109321$4650 801 $aIT$bSOL$c20230616$gRICA 899 $aBIBLIOTECA DEL DIPARTIMENTO DI GIURISPRUDENZA$1IT-CE0105$2VAN00 912 $aVAN0030784 950 $aBIBLIOTECA DEL DIPARTIMENTO DI GIURISPRUDENZA$d00CONS XXIII.Cb.40 $e00 23457 20041216 996 $aStudying the law$91430639 997 $aUNICAMPANIA